Модели и методы кадастровой оценки недвижимости: учебное пособие для академического бакалавриата

Detalles Bibliográficos
Autor Principal: Пылаева А. В. Алена Владимировна
Summary:Серия "Университеты России" позволит высшим учебным заведениям нашей страны использовать в образовательном процессе учебники и учебные пособия по различным дисциплинам, подготовленные преподавателями лучших университетов России и впервые опубликованные в издательствах университетов. Все представленные в этой серии учебники прошли экспертную оценку учебно-методического отдела издательства и публикуются в оригинальной редакции. В учебном пособии представлены характеристики деятельности, в состав которых входят особенности кадастровой оценки недвижимости, проведены исследования теоретических и практических аспектов типизации объектов недвижимости, описаны уровни группировки объектов недвижимости, применение подходов и методов кадастровой оценки.
Idioma:ruso
Publicado: Москва, Юрайт, 2019
Edición:2-е изд., испр. и доп.
Series:Университеты России
Subjects:
Formato: Libro
KOHA link:https://koha.lib.tpu.ru/cgi-bin/koha/opac-detail.pl?biblionumber=333259

MARC

LEADER 00000nam0a2200000 4500
001 333259
005 20231102004534.0
010 |a 9785534075496 
035 |a (RuTPU)RU\TPU\book\359254 
090 |a 333259 
100 |a 20170608d2019 m y0rusy50 ca 
101 0 |a rus 
102 |a RU 
105 |a y j 001zy 
200 1 |a Модели и методы кадастровой оценки недвижимости  |e учебное пособие для академического бакалавриата  |f А. В. Пылаева 
205 |a 2-е изд., испр. и доп. 
210 |a Москва  |c Юрайт  |d 2019 
215 |a 153 с. 
225 1 |a Университеты России 
320 |a Библиогр.: с. 123-152 
330 |a Серия "Университеты России" позволит высшим учебным заведениям нашей страны использовать в образовательном процессе учебники и учебные пособия по различным дисциплинам, подготовленные преподавателями лучших университетов России и впервые опубликованные в издательствах университетов. Все представленные в этой серии учебники прошли экспертную оценку учебно-методического отдела издательства и публикуются в оригинальной редакции. В учебном пособии представлены характеристики деятельности, в состав которых входят особенности кадастровой оценки недвижимости, проведены исследования теоретических и практических аспектов типизации объектов недвижимости, описаны уровни группировки объектов недвижимости, применение подходов и методов кадастровой оценки. 
606 1 |a Недвижимость  |x Оценка  |2 stltpush  |3 (RuTPU)RU\TPU\subj\71649  |9 85459 
606 1 |a Недвижимость  |x Правовые основы  |2 stltpush  |3 (RuTPU)RU\TPU\subj\68353  |9 83742 
610 1 |a экономика 
610 1 |a кадастровая оценка 
610 1 |a типизация 
610 1 |a группировка 
610 1 |a классификация 
610 1 |a налогообложение 
610 1 |a экономическая эффективность 
610 1 |a кадастровая стоимость 
610 1 |a учебные пособия 
686 |a У9(2)422.5я73  |v LBC/SL-A  |2 rubbk 
686 |a Х623.21я73  |v LBC/SL-A  |2 rubbk 
700 1 |a Пылаева  |b А. В.  |g Алена Владимировна 
801 1 |a RU  |b 63413507  |c 20170608 
801 2 |a RU  |b 63413507  |c 20190619  |g RCR 
942 |c BK 
959 |a 4/20170125  |d 1  |e 369,00